LEADER 01577nam a2200253 i 4500 001 000000185350 003 CaOOAMICUS 005 20151020000000.0 008 151020s1629 it u000 u ita u 013 $a163352 026 $ai-e, n.1. onr- tica (3) 1629 (A) 040 $aSeMil$bita 245 10$aVita del v.le F. Francesco del Bambingiesu religioso dell'Ordine de Carmelitani Scalzi, scritta in lingua spagnuola dal P.F. Giuseppe di Giesu Maria, e tradotta nella nostra italiana dal P.F. Girolamo di S. Teresa ambidoi del predetto ordine. 260 $aIn Brescia :$bPer Paolo Bizardo,$c1629. 300 $a[16], 479, [17] p. ;$c4º. 500 $aSegn. : a-b4 A-3Q4 (3Q4 bianca). - Front. in cornice calcogr. con stemma dei Carmelitani. - Testo in cornice xilogr. a doppio filetto - Cors. ; rom. 650 4$aReligiosi - Biografie.$0(OLS)http://semarc/subject/796 700 1 $aGirolamo : di Santa Teresa.$0(OLS)http://semarc/name/40601 700 1 $aBizardo, Paolo .$0(OLS)http://semarc/name/68103 700 1 $aJosé : de Jesús María.$0(OLS)http://semarc/name/40602 850 $aSeMil 852 $aSeMil$W1$xVenegono$y1$m3H VI 40 FA$j136041$B136041$CSeMilBibl$Z2$F147607 $8I 996 $6245$aVita del v.le F. Francesco del Bambingiesu religioso dell'Ordine de Carmelitani Scalzi, scritta in lingua spagnuola dal P.F. Giuseppe di Giesu Maria, e tradotta nella nostra italiana dal P.F. Girolamo di S. Teresa ambidoi del predetto ordine$9(OLS)http://semarc/title/266325 996 $6260$aIn Brescia :$bPer Paolo Bizardo$9(OLS)http://semarc/publisher/49848 LEADER 01053nam a2200217 i 4500 001 000000056514 003 CaOOAMICUS 005 20101209000000.0 008 101209s1951 xx u000 u fre u 013 $a27686 040 $aSeMil$bita 100 1 $aDaniélou, Jean,$c.$0(OLS)http://semarc/name/50 245 10$aBible et Liturgie :$bLa theologie des Sacrements ed des fêtes d'après les Pères de l'Église /$cJean Daniélou , S. J. Professeur à l'Institut Catholique de Paris. 260 $aParis :$bLes Éditions du Cerf,$cstampa 1951. 300 $a477 p. ;$c20 cm. 650 4$aBibbia e liturgia.$0(OLS)http://semarc/subject/1179 650 4$aLiturgia - Studi.$0(OLS)http://semarc/subject/166 850 $aSeMil 852 $aSeMil$W1$xVenegono$y1$m3K II 224$j22668$B22668$CSeMilBibl$Z2$F22670 $81 996 $6245$aBible et Liturgie :$bLa theologie des Sacrements ed des fêtes d'après les Pères de l'Église$9(OLS)http://semarc/title/87908 996 $6260$aParis :$bLes Éditions du Cerf$9(OLS)http://semarc/publisher/29611